[Event "Barcelona Tardor op 2nd"]
[Site "Barcelona"]
[Date "2014.10.27"]
[Round "4"]
[White "Torras Lemos, Marc"]
[Black "Jesus Hurtado, Ramon Jose"]
[Result "1/2-1/2"]
[WhiteElo "1762"]
[BlackElo "1923"]
[PlyCount "110"]
[EventDate "2014.10.06"]
[EventType "swiss"]
[EventRounds "8"]
[EventCountry "ESP"]
[SourceTitle "EXT 2016"]
[Source "ChessBase"]
[SourceDate "2015.10.08"]
[SourceVersion "1"]
[SourceVersionDate "2015.10.08"]
[SourceQuality "1"]

1. d4 d5 2. c4 Nc6 3. Nf3 Bg4 4. Nc3 Nf6 5. Bf4 e6 6. Ne5 Bb4 7. Nxg4 Nxg4 8. e3 Nf6 9. Bd3 dxc4 10. Bxc4 0-0 11. Bg5 h6 12. Bh4 g5 13. Bg3 Ne7 14. Qd3 c6 15. 0-0 Nf5 16. Ne4 Bd6 17. Nxf6+ Qxf6 18. Bxd6 Nxd6 19. f4 Kh8 20. fxg5 Qxg5 21. Bb3 Rg8 22. g3 Nf5 23. e4 Nd6 24. Rf4 Raf8 25. Raf1 Rg7 26. Bxe6 Qg6 27. Bb3 Nb5 28. Bd1 Rd8 29. Qf3 Nxd4 30. Qg4 Qh7 31. Qh5 f6 32. Rxf6 Qxe4 33. Rxh6+ Rh7 34. Rxh7+ Qxh7 35. Qxh7+ Kxh7 36. Rf7+ Kg6 37. Rxb7 a5 38. h4 Nf5 39. Bc2 Kf6 40. Bxf5 Kxf5 41. Kf2 Rd5 42. h5 Kg4 43. Rb6 Kxh5 44. Rxc6 Rd2+ 45. Kf3 a4 46. g4+ Kh4 47. Rb6 a3 48. bxa3 Rxa2 49. Ra6 Ra1 50. Ra4 Rf1+ 51. Kg2 Ra1 52. Kf2 Ra2+ 53. Kf3 Ra1 54. Ke4 Kxg4 55. Ke3+ Kf5 1/2-1/2

[Event "Barcelona Tardor op 2nd"]
[Site "Barcelona"]
[Date "2014.10.13"]
[Round "2"]
[White "Aprea, Daniele"]
[Black "Jesus Hurtado, Ramon Jose"]
[Result "1-0"]
[WhiteElo "2114"]
[BlackElo "1923"]
[PlyCount "93"]
[EventDate "2014.10.06"]
[EventType "swiss"]
[EventRounds "8"]
[EventCountry "ESP"]
[SourceTitle "EXT 2016"]
[Source "ChessBase"]
[SourceDate "2015.10.08"]
[SourceVersion "1"]
[SourceVersionDate "2015.10.08"]
[SourceQuality "1"]

1. d4 d5 2. c4 Nc6 3. cxd5 Qxd5 4. e3 e5 5. Nc3 Bb4 6. Bd2 Bxc3 7. Bxc3 exd4 8. Ne2 Nge7 9. Nxd4 Nxd4 10. Qxd4 Qxd4 11. Bxd4 0-0 12. Bc4 b6 13. b4 a5 14. b5 Bb7 15. 0-0 Nf5 16. Be5 Nd6 17. Be2 Rfe8 18. Bxd6 cxd6 19. Rac1 Rac8 20. Rfd1 Rxc1 21. Rxc1 Rc8 22. Rd1 Rd8 23. Bf3 Bxf3 24. gxf3 Kf8 25. Rc1 Ke7 26. Rc6 Rb8 27. Rc7+ Ke6 28. e4 h5 29. Kf1 g6 30. Ke2 f5 31. Ke3 fxe4 32. fxe4 g5 33. a4 Kf6 34. Kd4 Ke6 35. Rh7 Rf8 36. Rh6+ Kd7 37. Kd5 Rxf2 38. Rh7+ Kc8 39. Rxh5 Rd2+ 40. Kc6 Rc2+ 41. Kxb6 Rc4 42. Rh8+ Kd7 43. Kxa5 Rxe4 44. b6 Re5+ 45. Ka6 d5 46. b7 Re6+ 47. Kb5 1-0

[Event "Barcelona Primavera La Lira op 5th"]
[Site "Barcelona"]
[Date "2012.06.07"]
[Round "8"]
[White "Flores Linan, Josep Luis"]
[Black "Jesus Hurtado, Ramon Jose"]
[Result "0-1"]
[WhiteElo "1918"]
[BlackElo "1716"]
[PlyCount "38"]
[EventDate "2012.04.19"]
[EventType "swiss"]
[EventRounds "9"]
[EventCountry "ESP"]
[SourceTitle "CBM 148 Extra"]
[Source "ChessBase"]
[SourceDate "2012.06.22"]
[SourceVersion "1"]
[SourceVersionDate "2012.06.22"]
[SourceQuality "1"]

1. d4 d5 2. c4 Nc6 3. Nc3 dxc4 4. d5 Ne5 5. e4 Nf6 6. Nge2 Nd3+ 7. Kd2 Nxf2 8. Qe1 Nxh1 9. Nd4 e5 10. Nf3 Bb4 11. Kc2 Bxc3 12. bxc3 Qd6 13. a4 Qb6 14. Nd2 Qf2 15. Qd1 Bg4 16. Be2 Bxe2 17. Qxh1 Bd3+ 18. Kb2 Nxe4 19. Qd1 Qb6+ 0-1

[Event "Barcelona La Lira Spring op 1st"]
[Site "Barcelona"]
[Date "2008.05.29"]
[Round "8.16"]
[White "Jesus Hurtado, Ramon Jose"]
[Black "Cahue Soria, Francisco"]
[Result "0-1"]
[WhiteElo "1748"]
[BlackElo "1966"]
[PlyCount "78"]
[EventDate "2008.04.03"]
[EventType "swiss"]
[EventRounds "8"]
[EventCountry "ESP"]
[SourceTitle "EXT 2024"]
[Source "ChessBase"]
[SourceDate "2023.10.10"]
[SourceVersion "1"]
[SourceVersionDate "2023.10.10"]
[SourceQuality "1"]

1. e4 c5 2. Nc3 e6 3. g3 d5 4. exd5 exd5 5. Bg2 Nf6 6. d3 Nc6 7. Nge2 Be7 8. 0-0 0-0 9. Nf4 Bg4 10. Nce2 Qd7 11. c3 Ne5 12. f3 Bf5 13. g4 Be6 14. Ng3 Qc7 15. d4 Nc6 16. Be3 cxd4 17. cxd4 Bd7 18. g5 Bd6 19. gxf6 Bxf4 20. Bxf4 Qxf4 21. fxg7 Rfe8 22. Nh5 Qh4 23. f4 Re6 24. Bxd5 Rg6+ 25. Ng3 Qf6 26. Bg2 Nxd4 27. Qd2 Bb5 28. Rf2 Rd8 29. Qb4 Bc6 30. Bxc6 Qxc6 31. Raf1 h5 32. f5 Rxg7 33. Rf4 Ne2+ 34. Kf2 Nxf4 35. Qxf4 h4 36. Qxh4 Rd2+ 37. Ke3 Qc2 38. Ne4 Qd3+ 39. Kf4 Qxf1+ 0-1

[Event "Barcelona La Lira Spring op 1st"]
[Site "Barcelona"]
[Date "2008.04.03"]
[Round "1.3"]
[White "Fernandez Madrid, Carlos"]
[Black "Jesus Hurtado, Ramon Jose"]
[Result "1-0"]
[WhiteElo "2188"]
[BlackElo "1748"]
[PlyCount "67"]
[EventDate "2008.04.03"]
[EventType "swiss"]
[EventRounds "8"]
[EventCountry "ESP"]
[SourceTitle "EXT 2024"]
[Source "ChessBase"]
[SourceDate "2023.10.10"]
[SourceVersion "1"]
[SourceVersionDate "2023.10.10"]
[SourceQuality "1"]

1. d4 d5 2. Nf3 Nc6 3. g3 Bf5 4. Bg2 e6 5. 0-0 Nb4 6. Na3 Be7 7. c3 Na6 8. Qb3 Qc8 9. Ne5 Nf6 10. Bf4 c6 11. Nc2 0-0 12. Rac1 Nh5 13. Bd2 f6 14. Nf3 g5 15. Ne3 Be4 16. c4 Nc7 17. Ne1 Bxg2 18. N1xg2 Kh8 19. Bb4 Bxb4 20. Qxb4 a5 21. Qb6 Ng7 22. cxd5 exd5 23. f4 Ra6 24. Qb3 Nge6 25. fxg5 Nxd4 26. Qd3 Nde6 27. gxf6 d4 28. Nf5 Qd8 29. f7 Rxf7 30. Nh6 Rxf1+ 31. Rxf1 Ng5 32. Nf7+ Nxf7 33. Rxf7 Qg8 34. Qxd4+ 1-0